1619 1522 1024 1994 1004 1277 1677 1813 1289 1302 1719 1421 1728 1430 1724 1793 1223 1471 1122 1812 1074 1128 1526 1350 1557 1282 1586 1274 1579 1295 1882 1646 1403 1353 1582 1652 1254 1408 1720 1594 1410 1554 1579 1310 1532 1462 1694 1518 1225 1621 1035 1463 1052 1068 1629 1050 1540 1035 1431 1277 1952 1376 1846 1742 1765 1878 1636 1089 1212 1461 1822 1881 1114 1480 1261 1508 1495 1858 1778 1412 1963 1342 1631 1286 1590 1684 1258 1773 1480 1918 1009 1954 1310 1845 1410 1629 1546 1971 1402 BCNSPRNW ULIB Ver.6.0+V

เปลี่ยนเป็นภาษาไทย

Change to English
 แสดงรายละเอียดบรรณานุกรม
  กลับหน้าหลัก

Brief Record : Get Marc (ISO 2709) : E-mail record : QR code < ปิดหน้าต่าง
LEADER : 00000nam 2200000uu 4500
001    13399110253
003     ULIB
008    110427s2544||||th 000 0 tha d
020    9745882283
060  4 WM100^bม649จ 2544
245 00 จิตเวชศาสตร์ รามาธิบดี /^cบรรณาธิการ มาโนช หล่อตระกูล, ปราโมทย์ สุนิชย์
250    พิมพ์ครั้งที่ 6
260    กรุงเทพฯ :^bหจก.สวิชาการพิมพ์,^c2544
300    478 หน้า ;^c21 ซ.ม
505  2 พัมนาการทางจิตใจ -- สาเหตุของความผิดปกติทางจิตเวช --ทฤษฎีจิตวิเคราะห์ -- การสัมภาษณ์และการตรวจทางจิตเวช -- การทอสอบทางจิตวิทยา -- อาการของความผิดปกติทางจิตเวช -- การจำแนกโรคและการวินิจฉัยโรคทางจิตเวช -- Delirium และ Dementia -- Substance Use Disorders -- โรคจิตเภท (Schizophrenia) -- โรคจิตอื่นๆ (Other Psychotic Disorders) --โรคอารมณ์แปรปรวน -- Anxiety disorders -- Somatoform Disorders -- Factitious Disorders -- Dissociative Disorders -- ความผิดปกตอทางเพศ -- ความผิดปกติด้านการนอน -- Impulse Control Disorders -- ภาวะการปรับตัวผิดปกติ -- บุคลิกภาพผิดปกติ -- ปัจจัยทางจิตใจที่มีผลต่าภาวะความเจ็บป่วยทางกาย -- โรค Psychosomatic ที่พบบ่อย -- จิตเวชฉุกเฉิน -- ปัญหาทางจิตเวชในผู้ป่วยทางกาย -- ปัญหาทางจิตเวชที่เกี่ยวข้องกับการติดเชื้อHIV --การดูแลผู้ป่วยระยะสุดท้าย -- ความเศร้าโศกเสียใจที่เกิดจากการสูญเสียและการตาย -- การรักษาด้านจิตใจ-- การใช้ยาและ ECT -- การสัมภาษณ์และการตรวจสภาพจิตเด็กและวัยรุ่น -- การวินิจฉัยโรคทางจิตเวชเด็ก -- ภาวะผิดปกติทางจิตเวชในเด็กที่พบบ่อย --พฤติกรรมที่เป็นปัญหาที่พบบ่อยในเด็กวัยก่อนเรียน -- นิติจิตเวชศาสตร์ -- งานสุขภาพจิตในประเทศไทย
650  7 จิตเวชศาสตร์
700 0  มาโนช หล่อตระกูล
700 0  ปราโมทย์ สุดนิชย์
945    ^p0^l0^i016314
945    ^p0^l0^i016313
995    ทศพร
999 ^a ใช้งานได้ทุกระบบ
รายการนี้ยังไม่มีแท็ก
คุณยังไม่ได้ล็อกอิน คุณสามารถมีกิจกรรมร่วมกับเว็บไซต์ได้ แต่ต้องล็อกอินก่อน ::
  ล็อกอิน

รายการสื่อสารสนเทศ

ลำดับที่ ประเภท เลขเรียก/บาร์โค้ด สถานที่ สถานะ
- ไม่พบข้อมูล -

รายการใกล้เคียง
    หัวเรื่อง [จิตเวชศาสตร์]

BibComment


ยังไม่เคยถูกคอมเมนท์

คอมเมนท์ทรัพยากรรายการนี้
  คอมเมนท์: จิตเวชศาสตร์ รามา..


 Copyright 2026. Bcnsprnw @Library